| 000 | 00343nam a2200121Ia 4500 | ||
|---|---|---|---|
| 005 | 20251222154334.0 | ||
| 008 | 251222s9999||||xx |||||||||||||| ||spa|| | ||
| 020 | _a84-206-1454-8 | ||
| 082 | _a330.9/B16 | ||
| 100 | _a"Bairoch, Paul" | ||
| 245 | 0 | _aEL tercer mundo en la encrucijada: El despegue económico en el Siglo XVIII al XX | |
| 942 | _cLIB | ||
| 999 |
_c34283 _d34283 |
||